000
00246nam a22000977a 4500
999
_c
516021
_d
516021
100
_a
Chand Ramesh
_9
22312
245
_a
India's agricultural challenges
260
_a
New Delhi
_b
Centad
_c
2005
300
_a
257p.
600
_a
Agricultural policy
_9
22313